Statistics for Country/countries that Start with...By Continent #2

Click here to take the quiz!

General Stats

  • This quiz has been taken 86 times
  • The average score is 22 of 25

Answer Stats

LetterContinentAnswer% Correct
Zimbabwe
98%
IEuropeIceland
96%
DEuropeDenmark
95%
Italy
95%
ZAfricaZambia
95%
Lithuania
94%
BSouth AmericaBolivia
93%
Brazil
93%
GEuropeGermany
91%
Ireland
91%
LEuropeLatvia
91%
Tuvalu
91%
AAfricaAlgeria
90%
CNorth AmericaCanada
90%
Angola
89%
Cuba
88%
Liechtenstein
88%
Bangladesh
86%
Bhutan
86%
Luxembourg
85%
TOceaniaTonga
85%
Brunei
83%
Costa Rica
81%
Greece
80%
BAsiaBahrain
75%

Score Distribution

Percentile by Number Answered

Percent of People with Each Score

Your Score History

You have not taken this quiz